| 000 | 01181nam a22002417a 4500 | ||
|---|---|---|---|
| 005 | 20240814174000.0 | ||
| 008 | s2520 th tha d | ||
| 041 | _atha | ||
| 100 | 0 | _aนพดล ศรีสุข | |
| 245 | 1 | 0 | _aบทบาทของรัฐสภาไทย พ.ศ.2518 ศึกษาด้านการรวมกลุ่มพรรคและความขัดแย้ง |
| 260 | 3 |
_a[กรุงเทพฯ] : _bจุฬาลงกรณ์มหาวิทยาลัย, _c2520 |
|
| 300 |
_a328 หน้า : _bตาราง ; _c 30 ซม. |
||
| 650 | 0 | 4 | _aรัฐบาล (ม.ร.ว.เสนีย์ ปราโมช) |
| 650 | 0 | 4 | _aรัฐสภา -- การควบคุมฝ่ายบริหาร -- 2518 |
| 650 | 0 | 4 | _aรัฐสภา -- ไทย |
| 650 | 0 | 4 | _aสภาผู้แทนราษฏร -- บทบาท -- 2475--2517 |
| 650 | 0 | 4 | _aไทย -- การเมืองและการปกครอง -- 2516--2518 |
| 850 | _aNALT | ||
| 942 | _cRSH | ||
| 997 | _c000000000027657 | ||
| 998 |
_aNISA LUANGTONGKUM _j25 _k นีลวัสน์ อินทรักษา |
||
| 999 |
_c27657 _d27657 |
||
| 090 |
_aKD212.21 _bน169บ 2520 |
||